1932 1551 1680 1285 1828 1255 1755 1421 1915 1803 1670 1518 1690 1653 1379 1053 1727 1507 1179 1047 1967 1711 1317 1131 1885 1790 1202 1486 1679 1999 1213 1368 1656 1346 1668 1842 1697 1356 1685 1247 1422 1124 1343 1517 1749 1079 1568 1902 1323 1059 1643 1625 1454 1354 1468 1708 1637 1514 1442 1001 1547 1152 1528 1339 1303 1842 1300 1285 1447 1894 1239 1806 1434 1856 1351 1066 1938 1013 1274 1315 1752 1522 1623 1807 1446 1987 1302 1562 1112 1612 1275 1362 1898 1678 1730 1749 1150 1534 1078 BCNSPRNW ULIB Ver.6.0+V

เปลี่ยนเป็นภาษาไทย

Change to English
 แสดงรายละเอียดบรรณานุกรม
  กลับหน้าหลัก

Brief Record : Get Marc (ISO 2709) : E-mail record : QR code < ปิดหน้าต่าง
LEADER : 00000nam 2200000uu 4500
001    13399115097
003     ULIB
008    120709s2551||||th 000 0 tha d
020    ^a9789747706604
090    ^aนว.^bล699ค 2551
100 0  ^aลูกชุบ
245 00 ^aคีย์รัก จังหวะหัวใจ เล่ม 2/^cลูกชุบ
250    ^aพิมพ์ครั้งที่ 1
260    ^aกรุงเทพฯ :^bแจ่มใส,^c2551
300    ^a223 หน้า
710 1  ^aแจ่มใส
945    ^p0^l0^i14814
995    ^aกัณชพร
999    ^aใช้งานได้ทุกระบบ
รายการนี้ยังไม่มีแท็ก
คุณยังไม่ได้ล็อกอิน คุณสามารถมีกิจกรรมร่วมกับเว็บไซต์ได้ แต่ต้องล็อกอินก่อน ::
  ล็อกอิน

รายการสื่อสารสนเทศ

ลำดับที่ ประเภท เลขเรียก/บาร์โค้ด สถานที่ สถานะ
1. นวนิยาย
นวนิยาย
นว. ล699ค 2551  
  Barcode: 14814
ห้องสมุดวิทยาเขตสวรรค์ประชารักษ์
►นวนิยาย
บนชั้น
  ขอยืม

รายการใกล้เคียง
    ผู้แต่ง [ลูกชุบ]

BibComment


ยังไม่เคยถูกคอมเมนท์

คอมเมนท์ทรัพยากรรายการนี้
  คอมเมนท์: คีย์รัก จังหวะหั..


 Copyright 2026. Bcnsprnw @Library